| 000 | 01324cam a2200337 a 4500 | ||
|---|---|---|---|
| 001 | 12998765 | ||
| 003 | OSt | ||
| 005 | 20230605091738.0 | ||
| 008 | 020830s2002 ke b 000 0 eng | ||
| 010 | _a 2002375037 | ||
| 035 | _a(DLC) 2002375037 | ||
| 040 |
_aDLC _cDLC _dDLC |
||
| 042 | _alcode | ||
| 043 | _af-ke--- | ||
| 082 | 0 | 0 |
_a320.96762 _2ICJ |
| 100 | 1 | _aNgondi-Houghton, Connie. | |
| 245 | 1 | 4 | _aThe state of freedom of information in Kenya. |
| 260 |
_aNairobi : _bInternational Commission of Jurists, Kenya Section, _c[2002] |
||
| 300 |
_a117p _c30 cm. |
||
| 504 | _aIncludes bibliographical references. | ||
| 505 | 0 | _abk. 1. The state of freedom of information in Kenya / researched and compiled by Connie Ngondi-Houghton and Gichinga Ndirangu ; edited by Njonjo Mue -- bk. 2. A comparative study on freedom of information from other jurisdictions / researched and compiled by J. Wanjiru Muigai. | |
| 650 | 0 |
_aFreedom of information _zKenya. |
|
| 650 | 0 |
_aGovernment information _zKenya. |
|
| 700 | 1 | _aNdirangu, Gichinga. | |
| 700 | 1 | _aMue, Njonjo. | |
| 700 | 1 | _aMuigai, Wanjiru. | |
| 710 | 2 |
_aInternational Commission of Jurists (1952- ). _bKenya Section. |
|
| 906 |
_a7 _bcbc _corigode _d2 _encip _f20 _gy-gencatlg |
||
| 942 |
_2ddc _cBK |
||
| 999 |
_c221 _d221 |
||